000 00850 a2200193 4500
003 Nust
005 20221227184207.0
010 _a57011292
040 _cNust
082 _a621.38416,BER
100 _aBerens, Julius
_9106123
245 _aGetting started in amateur radio /
_cJulius Berens,
260 _aJ.F. Rider
_bNew York,
_c1957
300 _a136 p
_billus
_c22 cm
505 _aIntroduction (Page-1), The Code and the Code Key (Page-8), Radio Theory for Obtaining a Novice Class License (Page-21), Study Questions and Sample Novice Class License Examination (Page-52), Radio Theory for Obtaining a General Class License (Page-62), Study Questions and Sample General Class License Examination (Page-72), Regulations (Page-104).
600 _aBerens, Julius
_9106123
650 _aGetting started in amateur radio
_9106124
942 _2ddc
_cBK
999 _c183513
_d183513